00901nam a2200241Ia 4500003000400000005001700004008004100021020001500062040001800077041000800095082002300103100003400126245010900160250001200269260004300281300002700324650003600351650004000387650004700427942003600474999001900510952013000529OSt20230828112557.0210716s1995 xx 000 0 und d a8170294401 cAIMIT LIBRARY aeng a005.11FP 21bHAVP aHavewala, Porus Homi.9131127 aDeveloping and distributing microsoft foxpro 2.5/2.6 for windows applications /cBy Porus Homi Havewala. a1st ed. aNew Delhi :bBPB Publications ,c1995. aix,154p. ;bPBc22 cm. aUsing the setup wizard.9131128 aInterview management system9131129 aAccessing help from an application9131130 2ddccBKe1st ed.k005.11FP HAVP c183300d183300 00102ddc40708MCAaAIMITbAIMITd2021-07-16g99.00l0o005.11FP HAVPpMCA02808r2025-07-21 00:00:00v99.00w2021-07-16yBK